<?xml version="1.0" encoding="UTF-8"?>
<record
    xmlns:xsi="http://www.w3.org/2001/XMLSchema-instance"
    xsi:schemaLocation="http://www.loc.gov/MARC21/slim http://www.loc.gov/standards/marcxml/schema/MARC21slim.xsd"
    xmlns="http://www.loc.gov/MARC21/slim">

  <leader>00840nam a2200241 a 4500</leader>
  <controlfield tag="001">BRL_1435</controlfield>
  <controlfield tag="005">20190320211214.0</controlfield>
  <controlfield tag="008">101116s1993----mx-a######---#000-0#----#</controlfield>
  <datafield tag="020" ind1=" " ind2=" ">
    <subfield code="a">9686492828</subfield>
  </datafield>
  <datafield tag="044" ind1=" " ind2=" ">
    <subfield code="a">mx</subfield>
  </datafield>
  <datafield tag="050" ind1=" " ind2="4">
    <subfield code="a">F1221.T9</subfield>
    <subfield code="b">.P67 1993</subfield>
  </datafield>
  <datafield tag="100" ind1="1" ind2=" ">
    <subfield code="a">Posas, Likarto</subfield>
    <subfield code="9">26899</subfield>
  </datafield>
  <datafield tag="245" ind1="1" ind2="0">
    <subfield code="a">Jvan Peres Jolote</subfield>
    <subfield code="b">Xch&#xB4;iel sk&#xB4;opojel jun batz&#xB4;i vinik</subfield>
    <subfield code="c">Likarto Posas ; basujesbil ta batz&#xB4;i k&#xB4;op yu&#xB4;un Enrike Peres Lopes.</subfield>
  </datafield>
  <datafield tag="260" ind1=" " ind2=" ">
    <subfield code="a">Tuxtla, Chiapas, M&#xE9;xico</subfield>
    <subfield code="b">Gobierno del Estado de Chiapas</subfield>
    <subfield code="c">1993</subfield>
  </datafield>
  <datafield tag="300" ind1=" " ind2=" ">
    <subfield code="a">104 p.</subfield>
    <subfield code="b">il.</subfield>
    <subfield code="c">22 cm.</subfield>
  </datafield>
  <datafield tag="440" ind1=" " ind2="0">
    <subfield code="a">Serie nuestros pueblos, Chiapas</subfield>
    <subfield code="9">26900</subfield>
  </datafield>
  <datafield tag="546" ind1=" " ind2=" ">
    <subfield code="a">Texto en : tzotzil</subfield>
  </datafield>
  <datafield tag="600" ind1="1" ind2="4">
    <subfield code="a">P&#xE9;rez Jolote, Juan</subfield>
    <subfield code="9">10530</subfield>
  </datafield>
  <datafield tag="650" ind1="1" ind2="4">
    <subfield code="a">Ind&#xED;genas Tzotzil</subfield>
    <subfield code="v">Biograf&#xED;a</subfield>
    <subfield code="9">26901</subfield>
  </datafield>
  <datafield tag="650" ind1="1" ind2="4">
    <subfield code="a">Tzotzil</subfield>
    <subfield code="v">textos</subfield>
    <subfield code="9">26902</subfield>
  </datafield>
  <datafield tag="700" ind1="1" ind2=" ">
    <subfield code="a">P&#xE9;rez L&#xF3;pez, Enrique</subfield>
    <subfield code="e">prol.</subfield>
    <subfield code="9">26903</subfield>
  </datafield>
  <datafield tag="942" ind1=" " ind2=" ">
    <subfield code="2">lcc</subfield>
    <subfield code="c">B</subfield>
  </datafield>
  <datafield tag="999" ind1=" " ind2=" ">
    <subfield code="c">10245</subfield>
    <subfield code="d">10245</subfield>
  </datafield>
  <datafield tag="952" ind1=" " ind2=" ">
    <subfield code="0">0</subfield>
    <subfield code="1">0</subfield>
    <subfield code="4">0</subfield>
    <subfield code="7">0</subfield>
    <subfield code="a">BRL</subfield>
    <subfield code="b">BRL</subfield>
    <subfield code="d">2014-01-14</subfield>
    <subfield code="l">0</subfield>
    <subfield code="o">F1221.T9 .P67 1993</subfield>
    <subfield code="p">00029</subfield>
    <subfield code="r">2019-03-22 00:00:00</subfield>
    <subfield code="w">2019-03-22</subfield>
    <subfield code="y">B</subfield>
  </datafield>
</record>
